[Event "ESP-chT Rapid"]
[Site "Ubeda"]
[Date "2023.09.24"]
[Round "8.5"]
[White "Macias Pino, Diego"]
[Black "Lara Mezcua, Alonso"]
[Result "1-0"]
[WhiteElo "2438"]
[BlackElo "1992"]
[PlyCount "77"]
[EventDate "2023.09.23"]
[EventType "team-swiss (rapid)"]
[EventRounds "9"]
[EventCountry "ESP"]
[SourceTitle "CBM 216 Extra"]
[Source "ChessBase"]
[SourceDate "2023.11.30"]
[SourceVersion "1"]
[SourceVersionDate "2023.11.30"]
[SourceQuality "1"]
[WhiteTeam "Andreu Paterna"]
[BlackTeam "Tomelloso"]
[WhiteTeamCountry "ESP"]
[BlackTeamCountry "ESP"]

1. e4 c5 2. Nc3 Nc6 3. Bb5 Nd4 4. Bc4 e6 5. Nge2 g6 6. Nxd4 cxd4 7. Nb5 d5 8. exd5 exd5 9. Qe2+ Be6 10. Bxd5 a6 11. Bxe6 fxe6 12. Qxe6+ Be7 13. Qe5 axb5 14. Qxh8 Qd5 15. 0-0 0-0-0 16. Qxh7 Bd6 17. d3 g5 18. Qe4 Qc5 19. Qg4+ Kb8 20. Bxg5 Rf8 21. Bh4 Nh6 22. Qg5 Nf5 23. Bg3 Nxg3 24. Qxc5 Ne2+ 25. Kh1 Bxc5 26. g3 Bb4 27. Kg2 Kc7 28. f4 Re8 29. Kf2 Kd7 30. a3 Ba5 31. b4 Bc7 32. Rae1 Nc3 33. Rxe8 Kxe8 34. Re1+ Kf7 35. Kf3 Bb6 36. h4 Nd5 37. Re5 Nc3 38. h5 Nb1 39. Rxb5 1-0

[Event "ESP-ch U14"]
[Site "Salobrena"]
[Date "2022.07.23"]
[Round "9"]
[White "Pinyol I Llora, Julia"]
[Black "Lara Mezcua, Alonso"]
[Result "1/2-1/2"]
[WhiteElo "1886"]
[BlackElo "1752"]
[PlyCount "66"]
[EventDate "2022.07.18"]
[EventType "swiss"]
[EventRounds "9"]
[EventCountry "ESP"]
[SourceTitle "EXT 2023"]
[Source "ChessBase"]
[SourceDate "2022.10.05"]
[SourceVersion "1"]
[SourceVersionDate "2022.10.05"]
[SourceQuality "1"]

1. d4 Nf6 2. Nf3 g6 3. c4 Bg7 4. g3 0-0 5. Bg2 d6 6. 0-0 Nc6 7. Nc3 a6 8. Bf4 Nh5 9. Bg5 h6 10. Be3 Rb8 11. Rc1 Bd7 12. d5 Na5 13. b3 c5 14. dxc6 bxc6 15. c5 d5 16. Bd4 f6 17. Na4 e5 18. Ba1 Kh7 19. Nb6 Rxb6 20. cxb6 Qxb6 21. e3 Nb7 22. h3 Bh8 23. Qc2 e4 24. Nd2 f5 25. Bxh8 Rxh8 26. Qc3 g5 27. b4 Re8 28. Nb3 f4 29. g4 Ng7 30. Nc5 Nxc5 31. Qxc5 Qb8 32. Rfd1 f3 33. Bf1 h5 1/2-1/2

[Event "ESP-ch U12"]
[Site "Salobrena"]
[Date "2020.07.29"]
[Round "5"]
[White "Rojas Fernandez, Antonio"]
[Black "Lara Mezcua, Alonso"]
[Result "0-1"]
[WhiteElo "1447"]
[BlackElo "1540"]
[PlyCount "66"]
[EventDate "2020.07.27"]
[EventType "swiss"]
[EventRounds "9"]
[EventCountry "ESP"]
[SourceTitle "EXT 2021"]
[Source "ChessBase"]
[SourceDate "2020.10.23"]
[SourceVersion "1"]
[SourceVersionDate "2020.10.23"]
[SourceQuality "1"]

1. e4 c5 2. b3 g6 3. Bb2 Nf6 4. Nc3 d6 5. Bb5+ Nc6 6. Bxc6+ bxc6 7. f4 Bg7 8. d3 0-0 9. Nf3 Nh5 10. g3 Bg4 11. 0-0 f5 12. Qe1 fxe4 13. Qxe4 d5 14. Qe1 Bxf3 15. Rxf3 e5 16. Na4 exf4 17. Bxg7 Nxg7 18. Nxc5 fxg3 19. Qxg3 Rxf3 20. Qxf3 Qe7 21. b4 Rf8 22. Qg3 Re8 23. Qf2 Nf5 24. a4 d4 25. Rb1 a5 26. Ne4 axb4 27. Qd2 c5 28. Ra1 Nd6 29. Nxc5 Nc4 30. dxc4 Qxc5 31. Rb1 d3+ 32. Kf1 Qf5+ 33. Kg1 Re2 0-1